[Event "Rapid"]
[Site "Estonia Resort Hotel & Spa conference center, Pärnu, EE"]
[Date "2025.08.17"]
[Round "7"]
[White "Nissinen, Niilo Man"]
[Black "Fridman, Daniel"]
[Result "0-1"]
[Board "2"]
[WhiteFideId "30950767"]
[BlackFideId "11600454"]
[WhiteTitle "FM"]
[BlackTitle "GM"]
[WhiteElo "1941"]
[BlackElo "2561"]
[WhiteTeam "HKG"]
[BlackTeam "GER"]
[WhiteClock "0:00:09"]
[BlackClock "0:00:20"]
[Variant "Standard"]

1. e4 {[%clk 0:15:05]}  e6 {[%clk 0:15:04]} 2. d4 {[%clk 0:15:06]}  d5 {[%clk 0:15:06]} 3. e5 {[%clk 0:15:08]}  c5 {[%clk 0:15:08]} 4. c3 {[%clk 0:15:10]}  Nc6 {[%clk 0:15:08]} 5. Nf3 {[%clk 0:15:11]}  Bd7 {[%clk 0:15:07]} 6. h4 {[%clk 0:15:04]}  Nge7 {[%clk 0:15:03]} 7. Bd3 {[%clk 0:15:03]}  cxd4 {[%clk 0:14:54]} 8. cxd4 {[%clk 0:15:05]}  Qb6 {[%clk 0:14:53]} 9. Kf1 {[%clk 0:15:06]}  Nb4 {[%clk 0:14:27]} 10. Be2 {[%clk 0:15:07]}  Bb5 {[%clk 0:14:26]} 11. Nc3 {[%clk 0:15:08]}  Bxe2+ {[%clk 0:14:27]} 12. Nxe2 {[%clk 0:15:10]}  Rc8 {[%clk 0:14:27]} 13. h5 {[%clk 0:14:14]}  h6 {[%clk 0:13:31]} 14. Ne1 {[%clk 0:12:39]}  Nec6 {[%clk 0:10:51]} 15. Rh3 {[%clk 0:12:00]}  Na5 {[%clk 0:10:38]} 16. Kg1 {[%clk 0:11:34]}  Qb5 {[%clk 0:09:33]} 17. Nc3 {[%clk 0:10:59]}  Qd7 {[%clk 0:09:16]} 18. b3 {[%clk 0:10:01]}  Be7 {[%clk 0:08:51]} 19. Qg4 {[%clk 0:09:47]}  Bf8 {[%clk 0:08:12]} 20. Ba3 {[%clk 0:08:43]}  Nbc6 {[%clk 0:07:28]} 21. Bxf8 {[%clk 0:08:37]}  Kxf8 {[%clk 0:07:29]} 22. Rg3 {[%clk 0:08:30]}  Rg8 {[%clk 0:07:30]} 23. Nd3 {[%clk 0:08:03]}  Ne7 {[%clk 0:07:08]} 24. Nc5 {[%clk 0:07:24]}  Qc6 {[%clk 0:07:03]} 25. Rf3 {[%clk 0:07:14]}  Nf5 {[%clk 0:06:18]} 26. b4 {[%clk 0:06:29]}  Nc4 {[%clk 0:06:19]} 27. b5 {[%clk 0:06:28]}  Qe8 {[%clk 0:04:58]} 28. Nxd5 {[%clk 0:06:03]}  Rxc5 {[%clk 0:04:16]} 29. dxc5 {[%clk 0:05:56]}  Nxe5 {[%clk 0:04:17]} 30. Qf4 {[%clk 0:04:35]}  Nxf3+ {[%clk 0:04:17]} 31. Qxf3 {[%clk 0:04:29]}  Qxb5 {[%clk 0:04:04]} 32. Nc7 {[%clk 0:04:04]}  Qc6 {[%clk 0:03:16]} 33. Qxc6 {[%clk 0:04:04]}  bxc6 {[%clk 0:03:18]} 34. Rb1 {[%clk 0:03:57]}  Ke7 {[%clk 0:03:19]} 35. Rb7 {[%clk 0:03:56]}  Kf6 {[%clk 0:03:20]} 36. Rxa7 {[%clk 0:03:46]}  Rb8 {[%clk 0:03:16]} 37. a4 {[%clk 0:03:18]}  Nd4 {[%clk 0:02:47]} 38. Kh2 {[%clk 0:02:01]}  e5 {[%clk 0:02:42]} 39. Ra6 {[%clk 0:01:50]}  Rc8 {[%clk 0:01:24]} 40. Nb5 {[%clk 0:01:47]}  Ne6 {[%clk 0:01:04]} 41. Nd6 {[%clk 0:01:06]}  Nxc5 {[%clk 0:00:50]} 42. Ra7 {[%clk 0:00:42]}  Rf8 {[%clk 0:00:40]} 43. a5 {[%clk 0:00:33]}  Ke6 {[%clk 0:00:39]} 44. Nc4 {[%clk 0:00:26]}  Kd5 {[%clk 0:00:11]} 45. Nb6+ {[%clk 0:00:19]}  Kd4 {[%clk 0:00:13]} 46. a6 {[%clk 0:00:16]}  Re8 {[%clk 0:00:07]} 47. Rxf7 {[%clk 0:00:08]}  Nxa6 {[%clk 0:00:10]} 48. Rxg7 {[%clk 0:00:09]}  Re6 {[%clk 0:00:12]} 49. Rg6 {[%clk 0:00:10]}  Nc7 {[%clk 0:00:14]} 50. Kg3 {[%clk 0:00:07]}  c5 {[%clk 0:00:16]} 51. Kg4 {[%clk 0:00:05]}  c4 {[%clk 0:00:18]} 52. Nxc4 {[%clk 0:00:04]}  Kxc4 {[%clk 0:00:20]} 53. Kf5 {[%clk 0:00:07]}  Kd5 {[%clk 0:00:22]} 54. g4 {[%clk 0:00:05]}  e4 {[%clk 0:00:13]} 55. g5 {[%clk 0:00:05]}  hxg5 {[%clk 0:00:13]} 56. Rxe6 {[%clk 0:00:05]}  Nxe6 {[%clk 0:00:15]} 57. h6 {[%clk 0:00:08]}  Nf8 {[%clk 0:00:17]} 58. Kxg5 {[%clk 0:00:09]}  Ke5 {[%clk 0:00:19]} 59. Kg4 {[%clk 0:00:08]}  Nh7 {[%clk 0:00:21]} 60. Kh5 {[%clk 0:00:09]}  Kf5 {[%clk 0:00:23]} 61. Kh4 {[%clk 0:00:09]}  Nf6 {[%clk 0:00:08]} 62. Kg3 {[%clk 0:00:09]}  Ke5 {[%clk 0:00:06]} 63. Kh4 {[%clk 0:00:10]}  Kf4 {[%clk 0:00:09]} 64. Kh3 {[%clk 0:00:08]}  Kf3 {[%clk 0:00:09]} 65. Kh4 {[%clk 0:00:10]}  Nh7 {[%clk 0:00:11]} 66. Kh5 {[%clk 0:00:12]}  Nf8 {[%clk 0:00:13]} 67. Kg5 {[%clk 0:00:12]}  Kxf2 {[%clk 0:00:15]} 68. Kf6 {[%clk 0:00:14]}  e3 {[%clk 0:00:18]} 69. Kf7 {[%clk 0:00:14]}  Nh7 {[%clk 0:00:16]} 70. Kg7 {[%clk 0:00:16]}  e2 {[%clk 0:00:16]} 71. Kxh7 {[%clk 0:00:12]}  e1=Q {[%clk 0:00:18]} 72. Kg7 {[%clk 0:00:09]}  Qe7+ {[%clk 0:00:20]} 0-1

[Event "Rapid"]
[Site "Estonia Resort Hotel & Spa conference center, Pärnu, EE"]
[Date "2025.08.17"]
[Round "7"]
[White "Kazakouski, Valery"]
[Black "Vingris,Mikelis"]
[Result "1-0"]
[Board "3"]
[WhiteFideId "13507443"]
[BlackFideId "11611731"]
[WhiteTitle "GM"]
[WhiteElo "2523"]
[BlackElo "2160"]
[WhiteTeam "LTU"]
[BlackTeam "LAT"]
[WhiteClock "0:05:00"]
[BlackClock "0:00:11"]
[Variant "Standard"]

1. Nf3 {[%clk 0:15:04]}  c5 {[%clk 0:15:04]} 2. e4 {[%clk 0:14:55]}  d6 {[%clk 0:15:06]} 3. d4 {[%clk 0:14:56]}  cxd4 {[%clk 0:15:08]} 4. Nxd4 {[%clk 0:14:50]}  Nf6 {[%clk 0:15:09]} 5. Nc3 {[%clk 0:14:52]}  a6 {[%clk 0:15:11]} 6. Be3 {[%clk 0:14:53]}  e5 {[%clk 0:15:12]} 7. Nf3 {[%clk 0:14:55]}  Be7 {[%clk 0:15:04]} 8. Bc4 {[%clk 0:14:56]}  Be6 {[%clk 0:14:48]} 9. Bxe6 {[%clk 0:14:48]}  fxe6 {[%clk 0:14:49]} 10. Ng5 {[%clk 0:14:49]}  Qd7 {[%clk 0:14:34]} 11. Qf3 {[%clk 0:14:50]}  Nc6 {[%clk 0:12:57]} 12. Qh3 {[%clk 0:14:51]}  Nd8 {[%clk 0:12:45]} 13. O-O-O {[%clk 0:13:54]}  h6 {[%clk 0:10:07]} 14. Bb6 {[%clk 0:12:11]}  O-O {[%clk 0:09:20]} 15. Bxd8 {[%clk 0:12:12]}  hxg5 {[%clk 0:09:10]} 16. Bxe7 {[%clk 0:11:58]}  Qxe7 {[%clk 0:09:11]} 17. Qd3 {[%clk 0:11:44]}  Rad8 {[%clk 0:08:54]} 18. Rd2 {[%clk 0:11:21]}  b5 {[%clk 0:08:35]} 19. Rhd1 {[%clk 0:10:36]}  Qb7 {[%clk 0:07:25]} 20. f3 {[%clk 0:10:07]}  Qb6 {[%clk 0:07:13]} 21. Re1 {[%clk 0:09:20]}  Rf7 {[%clk 0:06:42]} 22. Qe3 {[%clk 0:09:08]}  Qxe3 {[%clk 0:06:40]} 23. Rxe3 {[%clk 0:09:09]}  Rc7 {[%clk 0:06:33]} 24. Nd1 {[%clk 0:08:32]}  g4 {[%clk 0:06:12]} 25. Nf2 {[%clk 0:08:32]}  gxf3 {[%clk 0:06:13]} 26. Rxf3 {[%clk 0:08:34]}  d5 {[%clk 0:05:59]} 27. Re2 {[%clk 0:08:19]}  Rdc8 {[%clk 0:05:31]} 28. Rfe3 {[%clk 0:07:14]}  Nd7 {[%clk 0:05:07]} 29. Nd3 {[%clk 0:06:45]}  d4 {[%clk 0:05:01]} 30. Rf3 {[%clk 0:06:34]}  Rf8 {[%clk 0:04:33]} 31. Rxf8+ {[%clk 0:06:35]}  Kxf8 {[%clk 0:04:35]} 32. h4 {[%clk 0:06:20]}  Ke7 {[%clk 0:04:28]} 33. g4 {[%clk 0:06:12]}  Rc8 {[%clk 0:04:22]} 34. g5 {[%clk 0:06:11]}  Rh8 {[%clk 0:03:47]} 35. Rh2 {[%clk 0:06:10]}  Rh5 {[%clk 0:03:42]} 36. Kd2 {[%clk 0:06:06]}  Kd6 {[%clk 0:03:41]} 37. Ke2 {[%clk 0:06:06]}  Rh8 {[%clk 0:01:48]} 38. h5 {[%clk 0:05:57]}  a5 {[%clk 0:01:41]} 39. Kf3 {[%clk 0:05:50]}  Nc5 {[%clk 0:00:51]} 40. Nxc5 {[%clk 0:05:40]}  Kxc5 {[%clk 0:00:53]} 41. h6 {[%clk 0:05:31]}  g6 {[%clk 0:00:21]} 42. Ke2 {[%clk 0:05:28]}  Kd6 {[%clk 0:00:21]} 43. Rf2 {[%clk 0:05:29]}  Ke7 {[%clk 0:00:18]} 44. Rf6 {[%clk 0:05:31]}  Rg8 {[%clk 0:00:18]} 45. Rxg6 {[%clk 0:05:19]}  Rc8 {[%clk 0:00:10]} 46. Rg7+ {[%clk 0:05:17]}  Kf8 {[%clk 0:00:08]} 47. Kd3 {[%clk 0:05:19]}  b4 {[%clk 0:00:07]} 48. Ra7 {[%clk 0:05:05]}  Kg8 {[%clk 0:00:08]} 49. g6 {[%clk 0:05:05]}  Kh8 {[%clk 0:00:05]} 50. Rxa5 {[%clk 0:05:03]}  Rg8 {[%clk 0:00:07]} 51. g7+ {[%clk 0:04:57]}  Kh7 {[%clk 0:00:08]} 52. Rxe5 {[%clk 0:04:59]}  Kxh6 {[%clk 0:00:09]} 53. Rxe6+ {[%clk 0:05:00]}  Kxg7 {[%clk 0:00:11]} 54. Rb6 {[%clk 0:05:00]} 1-0

[Event "Rapid"]
[Site "Estonia Resort Hotel & Spa conference center, Pärnu, EE"]
[Date "2025.08.17"]
[Round "7"]
[White "Savitha Shri B"]
[Black "Mayorau, Mikita"]
[Result "0-1"]
[Board "4"]
[WhiteFideId "35061887"]
[BlackFideId "13501720"]
[WhiteTitle "IM"]
[BlackTitle "GM"]
[WhiteElo "2244"]
[BlackElo "2433"]
[WhiteTeam "IND"]
[BlackTeam "POL"]
[WhiteClock "0:00:10"]
[BlackClock "0:00:13"]
[Variant "Standard"]

1. e4 {[%clk 0:15:04]}  e6 {[%clk 0:15:05]} 2. d4 {[%clk 0:15:01]}  d5 {[%clk 0:15:07]} 3. Nc3 {[%clk 0:15:03]}  Nf6 {[%clk 0:15:08]} 4. Bg5 {[%clk 0:15:06]}  Bb4 {[%clk 0:14:56]} 5. e5 {[%clk 0:14:41]}  h6 {[%clk 0:14:55]} 6. Bd2 {[%clk 0:14:43]}  Bxc3 {[%clk 0:14:56]} 7. bxc3 {[%clk 0:14:45]}  Ne4 {[%clk 0:14:58]} 8. Bc1 {[%clk 0:14:47]}  c5 {[%clk 0:13:46]} 9. Bd3 {[%clk 0:14:21]}  Nxc3 {[%clk 0:12:55]} 10. Qg4 {[%clk 0:14:20]}  Kf8 {[%clk 0:12:53]} 11. dxc5 {[%clk 0:12:18]}  Nc6 {[%clk 0:12:39]} 12. Nf3 {[%clk 0:11:55]}  Qa5 {[%clk 0:10:43]} 13. O-O {[%clk 0:11:56]}  Qa4 {[%clk 0:10:39]} 14. Qxa4 {[%clk 0:10:23]}  Nxa4 {[%clk 0:10:32]} 15. Ba3 {[%clk 0:10:09]}  Nc3 {[%clk 0:08:28]} 16. Bb2 {[%clk 0:09:48]}  Na4 {[%clk 0:08:29]} 17. Ba3 {[%clk 0:09:50]}  g5 {[%clk 0:08:04]} 18. Rab1 {[%clk 0:08:44]}  Kg7 {[%clk 0:07:09]} 19. h3 {[%clk 0:07:55]}  Nc3 {[%clk 0:04:14]} 20. Rb3 {[%clk 0:07:41]}  d4 {[%clk 0:04:13]} 21. Nxd4 {[%clk 0:06:44]}  Nxd4 {[%clk 0:04:12]} 22. Rxc3 {[%clk 0:06:45]}  Bd7 {[%clk 0:04:02]} 23. Rc4 {[%clk 0:06:13]}  Nb5 {[%clk 0:03:40]} 24. Bc1 {[%clk 0:06:15]}  Nc7 {[%clk 0:03:25]} 25. f4 {[%clk 0:05:34]}  Bb5 {[%clk 0:03:26]} 26. Rb4 {[%clk 0:05:05]}  Bxd3 {[%clk 0:03:05]} 27. cxd3 {[%clk 0:05:07]}  Na6 {[%clk 0:02:49]} 28. Rc4 {[%clk 0:04:37]}  Rhd8 {[%clk 0:02:39]} 29. fxg5 {[%clk 0:04:38]}  h5 {[%clk 0:02:41]} 30. Rcf4 {[%clk 0:03:31]}  Rd7 {[%clk 0:02:40]} 31. Ba3 {[%clk 0:03:02]}  Nc7 {[%clk 0:02:16]} 32. c6 {[%clk 0:02:38]}  bxc6 {[%clk 0:02:16]} 33. Bd6 {[%clk 0:02:40]}  Nb5 {[%clk 0:02:03]} 34. Bc5 {[%clk 0:01:58]}  Rb8 {[%clk 0:02:01]} 35. Rb1 {[%clk 0:01:55]}  Rbb7 {[%clk 0:01:58]} 36. Rfb4 {[%clk 0:01:36]}  a5 {[%clk 0:01:17]} 37. R4b2 {[%clk 0:01:38]}  a4 {[%clk 0:01:01]} 38. d4 {[%clk 0:01:40]}  Rd5 {[%clk 0:00:51]} 39. Rb4 {[%clk 0:01:35]}  Rbd7 {[%clk 0:00:51]} 40. Bb6 {[%clk 0:00:41]}  a3 {[%clk 0:00:36]} 41. R1b3 {[%clk 0:00:35]}  h4 {[%clk 0:00:36]} 42. Kh2 {[%clk 0:00:36]}  Kg6 {[%clk 0:00:38]} 43. Rc4 {[%clk 0:00:33]}  Kxg5 {[%clk 0:00:37]} 44. Rxc6 {[%clk 0:00:34]}  Nxd4 {[%clk 0:00:34]} 45. Bxd4 {[%clk 0:00:36]}  Rxd4 {[%clk 0:00:36]} 46. Rxa3 {[%clk 0:00:38]}  Re4 {[%clk 0:00:35]} 47. Ra5 {[%clk 0:00:14]}  Re2 {[%clk 0:00:33]} 48. Rc8 {[%clk 0:00:16]}  Rdd2 {[%clk 0:00:32]} 49. Rg8+ {[%clk 0:00:18]}  Kf5 {[%clk 0:00:32]} 50. Rg4 {[%clk 0:00:16]}  Rxa2 {[%clk 0:00:16]} 51. Rb5 {[%clk 0:00:10]}  Re4 {[%clk 0:00:12]} 52. Rb4 {[%clk 0:00:06]}  Rxb4 {[%clk 0:00:12]} 53. Rxb4 {[%clk 0:00:08]}  Kxe5 {[%clk 0:00:08]} 54. Rxh4 {[%clk 0:00:11]}  f5 {[%clk 0:00:08]} 55. Rb4 {[%clk 0:00:13]}  Kf6 {[%clk 0:00:09]} 56. Kg3 {[%clk 0:00:11]}  Ra3+ {[%clk 0:00:10]} 57. Kf2 {[%clk 0:00:12]}  e5 {[%clk 0:00:11]} 58. Rb5 {[%clk 0:00:10]}  f4 {[%clk 0:00:13]} 59. Rb4 {[%clk 0:00:05]}  Kf5 {[%clk 0:00:15]} 60. Rc4 {[%clk 0:00:07]}  Ra2+ {[%clk 0:00:17]} 61. Kf1 {[%clk 0:00:07]}  Kg5 {[%clk 0:00:14]} 62. Re4 {[%clk 0:00:09]}  Kf5 {[%clk 0:00:16]} 63. Re2 {[%clk 0:00:11]}  Ra1+ {[%clk 0:00:17]} 64. Kf2 {[%clk 0:00:13]}  e4 {[%clk 0:00:19]} 65. Rb2 {[%clk 0:00:16]}  e3+ {[%clk 0:00:20]} 66. Ke2 {[%clk 0:00:15]}  Rg1 {[%clk 0:00:21]} 67. Kd3 {[%clk 0:00:17]}  Kg5 {[%clk 0:00:14]} 68. Ke4 {[%clk 0:00:16]}  Rf1 {[%clk 0:00:13]} 69. Ra2 {[%clk 0:00:05]}  Rf2 {[%clk 0:00:12]} 70. Ra5+ {[%clk 0:00:05]}  Kh4 {[%clk 0:00:13]} 71. Ra1 {[%clk 0:00:08]}  Kg3 {[%clk 0:00:13]} 72. Ra8 {[%clk 0:00:08]}  Kxg2 {[%clk 0:00:13]} 73. Kd3 {[%clk 0:00:10]}  Rd2+ {[%clk 0:00:13]} 0-1

[Event "Rapid"]
[Site "Estonia Resort Hotel & Spa conference center, Pärnu, EE"]
[Date "2025.08.17"]
[Round "7"]
[White "Wartiovaara, Oliver"]
[Black "Sharan, Rao"]
[Result "1-0"]
[Board "5"]
[WhiteFideId "513024"]
[BlackFideId "5073464"]
[WhiteTitle "FM"]
[BlackTitle "IM"]
[WhiteElo "2341"]
[BlackElo "2250"]
[WhiteTeam "FIN"]
[BlackTeam "IND"]
[WhiteClock "0:03:19"]
[BlackClock "0:00:04"]
[Variant "Standard"]

1. e4 {[%clk 0:15:05]}  e6 {[%clk 0:15:05]} 2. d4 {[%clk 0:14:54]}  d5 {[%clk 0:15:07]} 3. e5 {[%clk 0:14:56]}  c5 {[%clk 0:15:05]} 4. c3 {[%clk 0:14:56]}  Nc6 {[%clk 0:15:11]} 5. Nf3 {[%clk 0:15:00]}  Qb6 {[%clk 0:15:13]} 6. Be2 {[%clk 0:15:01]}  cxd4 {[%clk 0:15:14]} 7. cxd4 {[%clk 0:15:02]}  Nh6 {[%clk 0:15:09]} 8. Bxh6 {[%clk 0:15:03]}  Qxb2 {[%clk 0:15:11]} 9. Nc3 {[%clk 0:15:04]}  gxh6 {[%clk 0:14:15]} 10. Nb5 {[%clk 0:14:54]}  Qb4+ {[%clk 0:14:06]} 11. Kf1 {[%clk 0:14:38]}  Qa5 {[%clk 0:14:03]} 12. Qc1 {[%clk 0:14:00]}  Qd8 {[%clk 0:13:19]} 13. Qf4 {[%clk 0:13:54]}  Rg8 {[%clk 0:12:56]} 14. Bd3 {[%clk 0:12:52]}  Rg7 {[%clk 0:10:38]} 15. Rc1 {[%clk 0:12:15]}  Be7 {[%clk 0:09:26]} 16. h4 {[%clk 0:11:51]}  Bd7 {[%clk 0:08:27]} 17. Qxh6 {[%clk 0:11:28]}  Kf8 {[%clk 0:07:41]} 18. Rh3 {[%clk 0:11:16]}  Kg8 {[%clk 0:05:54]} 19. Rg3 {[%clk 0:11:17]}  Rg6 {[%clk 0:05:56]} 20. Bxg6 {[%clk 0:10:15]}  fxg6 {[%clk 0:04:53]} 21. Nd6 {[%clk 0:09:48]}  Qf8 {[%clk 0:04:06]} 22. Qxf8+ {[%clk 0:09:17]}  Bxf8 {[%clk 0:03:49]} 23. Nxb7 {[%clk 0:08:56]}  Rb8 {[%clk 0:03:46]} 24. Nc5 {[%clk 0:08:57]}  Be8 {[%clk 0:03:45]} 25. h5 {[%clk 0:08:08]}  Bh6 {[%clk 0:03:12]} 26. Rd1 {[%clk 0:07:53]}  Rb2 {[%clk 0:01:31]} 27. a3 {[%clk 0:07:49]}  Na5 {[%clk 0:00:58]} 28. hxg6 {[%clk 0:07:32]}  hxg6 {[%clk 0:01:00]} 29. Nh4 {[%clk 0:07:24]}  Bf4 {[%clk 0:00:18]} 30. Rg4 {[%clk 0:07:07]}  g5 {[%clk 0:00:19]} 31. Nd3 {[%clk 0:07:10]}  Bb5 {[%clk 0:00:22]} 32. g3 {[%clk 0:05:54]}  Bd2 {[%clk 0:00:24]} 33. Ke2 {[%clk 0:05:55]}  Nb3 {[%clk 0:00:26]} 34. Nf3 {[%clk 0:05:38]}  Nc1+ {[%clk 0:00:18]} 35. Rxc1 {[%clk 0:04:13]}  Bxc1+ {[%clk 0:00:18]} 36. Kd1 {[%clk 0:04:15]}  Bxd3 {[%clk 0:00:07]} 37. Kxc1 {[%clk 0:04:17]}  Rc2+ {[%clk 0:00:05]} 38. Kd1 {[%clk 0:04:18]}  Rxf2 {[%clk 0:00:07]} 39. Nxg5 {[%clk 0:04:07]}  Ra2 {[%clk 0:00:04]} 40. Nxe6+ {[%clk 0:03:48]}  Kf7 {[%clk 0:00:07]} 41. Nf4 {[%clk 0:03:50]}  Be4 {[%clk 0:00:06]} 42. e6+ {[%clk 0:03:37]}  Kf6 {[%clk 0:00:08]} 43. Rg8 {[%clk 0:03:39]}  Rxa3 {[%clk 0:00:07]} 44. Rf8+ {[%clk 0:03:39]}  Ke7 {[%clk 0:00:09]} 45. Rf7+ {[%clk 0:03:40]}  Ke8 {[%clk 0:00:06]} 46. Ke2 {[%clk 0:03:09]}  Rxg3 {[%clk 0:00:07]} 47. Nh5 {[%clk 0:03:10]}  Bf3+ {[%clk 0:00:06]} 48. Rxf3 {[%clk 0:03:11]}  Rxf3 {[%clk 0:00:06]} 49. Kxf3 {[%clk 0:03:13]}  Ke7 {[%clk 0:00:08]} 50. Nf4 {[%clk 0:03:14]}  a5 {[%clk 0:00:07]} 51. Ke3 {[%clk 0:03:14]}  Kf6 {[%clk 0:00:05]} 52. Kd3 {[%clk 0:03:15]}  a4 {[%clk 0:00:04]} 53. Kc3 {[%clk 0:03:17]}  Ke7 {[%clk 0:00:04]} 54. Kb4 {[%clk 0:03:19]} 1-0

[Event "Rapid"]
[Site "Estonia Resort Hotel & Spa conference center, Pärnu, EE"]
[Date "2025.08.17"]
[Round "7"]
[White "Kostov, Deyan Samuil"]
[Black "Neiksans, Arturs"]
[Result "0-1"]
[Board "6"]
[WhiteFideId "30909015"]
[BlackFideId "11601388"]
[WhiteTitle "FM"]
[BlackTitle "GM"]
[WhiteElo "2308"]
[BlackElo "2514"]
[WhiteTeam "BUL"]
[BlackTeam "LAT"]
[WhiteClock "0:00:11"]
[BlackClock "0:02:57"]
[Variant "Standard"]

1. d4 {[%clk 0:15:04]}  Nf6 {[%clk 0:15:02]} 2. c4 {[%clk 0:15:03]}  e6 {[%clk 0:15:04]} 3. Nc3 {[%clk 0:15:04]}  Bb4 {[%clk 0:15:06]} 4. e3 {[%clk 0:15:06]}  O-O {[%clk 0:15:06]} 5. Bd3 {[%clk 0:15:07]}  d5 {[%clk 0:15:06]} 6. a3 {[%clk 0:15:08]}  Be7 {[%clk 0:14:59]} 7. Nf3 {[%clk 0:15:04]}  b6 {[%clk 0:14:52]} 8. O-O {[%clk 0:14:36]}  Bb7 {[%clk 0:14:54]} 9. cxd5 {[%clk 0:14:22]}  exd5 {[%clk 0:14:52]} 10. Bd2 {[%clk 0:14:15]}  c5 {[%clk 0:14:30]} 11. Rc1 {[%clk 0:14:00]}  Nbd7 {[%clk 0:14:16]} 12. Qe2 {[%clk 0:13:51]}  c4 {[%clk 0:13:42]} 13. Bb1 {[%clk 0:13:47]}  a6 {[%clk 0:13:44]} 14. e4 {[%clk 0:12:34]}  Nxe4 {[%clk 0:13:40]} 15. Nxe4 {[%clk 0:12:34]}  dxe4 {[%clk 0:13:41]} 16. Bxe4 {[%clk 0:12:35]}  Bxe4 {[%clk 0:13:42]} 17. Qxe4 {[%clk 0:12:36]}  Nf6 {[%clk 0:13:17]} 18. Qb7 {[%clk 0:12:07]}  b5 {[%clk 0:13:00]} 19. Rfe1 {[%clk 0:10:57]}  Bd6 {[%clk 0:12:53]} 20. Bg5 {[%clk 0:09:00]}  h6 {[%clk 0:11:24]} 21. Bh4 {[%clk 0:08:14]}  Bf4 {[%clk 0:11:22]} 22. Bxf6 {[%clk 0:07:28]}  Qxf6 {[%clk 0:11:19]} 23. Rcd1 {[%clk 0:07:29]}  Rab8 {[%clk 0:11:10]} 24. Qe4 {[%clk 0:07:15]}  Bd6 {[%clk 0:10:40]} 25. h3 {[%clk 0:06:41]}  Rfd8 {[%clk 0:09:59]} 26. Ne5 {[%clk 0:05:51]}  Rbc8 {[%clk 0:10:00]} 27. g3 {[%clk 0:05:19]}  c3 {[%clk 0:09:26]} 28. bxc3 {[%clk 0:03:17]}  Rxc3 {[%clk 0:09:27]} 29. Ng4 {[%clk 0:01:41]}  Qg6 {[%clk 0:09:00]} 30. Qxg6 {[%clk 0:01:34]}  fxg6 {[%clk 0:09:02]} 31. Ne5 {[%clk 0:01:25]}  Bxa3 {[%clk 0:06:29]} 32. d5 {[%clk 0:01:09]}  Bd6 {[%clk 0:05:22]} 33. Nc6 {[%clk 0:01:07]}  Rf8 {[%clk 0:05:22]} 34. Rd2 {[%clk 0:00:38]}  b4 {[%clk 0:03:17]} 35. Re6 {[%clk 0:00:35]}  Rf6 {[%clk 0:02:56]} 36. Re8+ {[%clk 0:00:21]}  Kh7 {[%clk 0:02:58]} 37. Ra8 {[%clk 0:00:18]}  b3 {[%clk 0:02:54]} 38. Rxa6 {[%clk 0:00:13]}  Rc2 {[%clk 0:02:53]} 39. Rxc2 {[%clk 0:00:09]}  bxc2 {[%clk 0:02:55]} 40. Ra1 {[%clk 0:00:11]}  Ba3 {[%clk 0:02:57]} 0-1

[Event "Rapid"]
[Site "Estonia Resort Hotel & Spa conference center, Pärnu, EE"]
[Date "2025.08.17"]
[Round "7"]
[White "Glek, Igor"]
[Black "Muzis, Renars"]
[Result "1-0"]
[Board "7"]
[WhiteFideId "4100484"]
[BlackFideId "11626348"]
[WhiteTitle "GM"]
[WhiteElo "2439"]
[BlackElo "2131"]
[WhiteTeam "BEL"]
[BlackTeam "LAT"]
[WhiteClock "0:14:02"]
[BlackClock "0:09:35"]
[Variant "Standard"]

1. e4 {[%clk 0:15:05]}  e5 {[%clk 0:15:05]} 2. Nf3 {[%clk 0:15:07]}  Nc6 {[%clk 0:15:07]} 3. Nc3 {[%clk 0:15:09]}  Nf6 {[%clk 0:15:08]} 4. g3 {[%clk 0:15:11]}  Nxe4 {[%clk 0:14:27]} 5. Nxe4 {[%clk 0:15:12]}  d5 {[%clk 0:14:28]} 6. Nc3 {[%clk 0:15:14]}  e4 {[%clk 0:14:14]} 7. Ng1 {[%clk 0:15:05]}  h5 {[%clk 0:12:11]} 8. d3 {[%clk 0:14:56]}  Bg4 {[%clk 0:11:37]} 9. Be2 {[%clk 0:14:57]}  Ne5 {[%clk 0:10:31]} 10. Bf4 {[%clk 0:14:20]}  Qd6 {[%clk 0:09:39]} 11. d4 {[%clk 0:14:02]}  Qd8 {[%clk 0:09:35]} 1-0

[Event "Rapid"]
[Site "Estonia Resort Hotel & Spa conference center, Pärnu, EE"]
[Date "2025.08.17"]
[Round "7"]
[White "Uibokant, Mathias Robert"]
[Black "Lapshun, Yury"]
[Result "0-1"]
[Board "8"]
[WhiteFideId "4505980"]
[BlackFideId "2006960"]
[BlackTitle "IM"]
[WhiteElo "2056"]
[BlackElo "2416"]
[WhiteTeam "EST"]
[BlackTeam "USA"]
[WhiteClock "0:00:05"]
[BlackClock "0:06:47"]
[Variant "Standard"]

1. d4 {[%clk 0:15:04]}  Nf6 {[%clk 0:14:31]} 2. Bf4 {[%clk 0:15:00]}  d6 {[%clk 0:14:29]} 3. Nc3 {[%clk 0:14:54]}  Nbd7 {[%clk 0:14:17]} 4. Nf3 {[%clk 0:14:49]}  c5 {[%clk 0:14:04]} 5. dxc5 {[%clk 0:14:12]}  Nxc5 {[%clk 0:14:04]} 6. e3 {[%clk 0:14:04]}  g6 {[%clk 0:14:06]} 7. Bb5+ {[%clk 0:13:19]}  Bd7 {[%clk 0:14:07]} 8. Bxd7+ {[%clk 0:12:55]}  Qxd7 {[%clk 0:14:09]} 9. O-O {[%clk 0:12:49]}  Bg7 {[%clk 0:14:11]} 10. Ne2 {[%clk 0:11:50]}  O-O {[%clk 0:14:03]} 11. c3 {[%clk 0:11:51]}  b5 {[%clk 0:13:57]} 12. Bg3 {[%clk 0:11:10]}  a5 {[%clk 0:13:56]} 13. a3 {[%clk 0:09:07]}  Rfc8 {[%clk 0:13:47]} 14. Nf4 {[%clk 0:08:31]}  Rab8 {[%clk 0:13:25]} 15. Nd5 {[%clk 0:08:06]}  Nxd5 {[%clk 0:13:18]} 16. Qxd5 {[%clk 0:08:07]}  b4 {[%clk 0:13:14]} 17. axb4 {[%clk 0:07:18]}  axb4 {[%clk 0:13:21]} 18. Nd4 {[%clk 0:06:47]}  Nd3 {[%clk 0:12:24]} 19. cxb4 {[%clk 0:05:34]}  Nxb4 {[%clk 0:11:54]} 20. Qe4 {[%clk 0:04:48]}  Nc6 {[%clk 0:11:34]} 21. Nxc6 {[%clk 0:04:28]}  Rxc6 {[%clk 0:11:34]} 22. Ra7 {[%clk 0:04:09]}  Qxa7 {[%clk 0:11:15]} 23. Qxc6 {[%clk 0:04:10]}  Bxb2 {[%clk 0:11:11]} 24. h4 {[%clk 0:04:06]}  h5 {[%clk 0:10:55]} 25. Rb1 {[%clk 0:03:41]}  Bf6 {[%clk 0:10:43]} 26. Rxb8+ {[%clk 0:03:22]}  Qxb8 {[%clk 0:10:45]} 27. Qc4 {[%clk 0:03:18]}  Qb7 {[%clk 0:10:15]} 28. Bf4 {[%clk 0:02:48]}  Bxh4 {[%clk 0:10:04]} 29. g3 {[%clk 0:01:38]}  Bf6 {[%clk 0:09:51]} 30. e4 {[%clk 0:01:40]}  Kg7 {[%clk 0:09:28]} 31. Qe2 {[%clk 0:00:56]}  e5 {[%clk 0:08:50]} 32. Bd2 {[%clk 0:00:58]}  d5 {[%clk 0:08:49]} 33. exd5 {[%clk 0:00:51]}  Qxd5 {[%clk 0:08:51]} 34. Qe3 {[%clk 0:00:50]}  g5 {[%clk 0:07:59]} 35. Qe2 {[%clk 0:00:28]}  e4 {[%clk 0:07:55]} 36. Be3 {[%clk 0:00:18]}  Kg6 {[%clk 0:07:44]} 37. Qa6 {[%clk 0:00:18]}  h4 {[%clk 0:07:13]} 38. gxh4 {[%clk 0:00:20]}  gxh4 {[%clk 0:07:08]} 39. Qc8 {[%clk 0:00:12]}  Qd1+ {[%clk 0:06:58]} 40. Kh2 {[%clk 0:00:13]}  Be5+ {[%clk 0:06:52]} 41. Kh3 {[%clk 0:00:07]}  Qf3+ {[%clk 0:06:47]} 42. Kxh4 {[%clk 0:00:05]}  Qh5# {[%clk 0:06:47]} 0-1